Handbook Of Research On Mobile Multimedia (Record no. 335159)
[ view plain ]
| 000 -LEADER | |
|---|---|
| fixed length control field | 00501nam a2200169Ia 4500 |
| 008 - FIXED-LENGTH DATA ELEMENTS--GENERAL INFORMATION | |
| fixed length control field | 230718s9999 xx 000 0 und d |
| 020 ## - INTERNATIONAL STANDARD BOOK NUMBER | |
| International Standard Book Number | 9781591408666 |
| 041 ## - LANGUAGE CODE | |
| Language code of text/sound track or separate title | eng |
| 082 ## - DEWEY DECIMAL CLASSIFICATION NUMBER | |
| Classification number | 006.7'2 |
| Item number | IBR |
| 100 ## - MAIN ENTRY--PERSONAL NAME | |
| Personal name | Ibrahim I.K. |
| 9 (RLIN) | 195564 |
| 245 ## - TITLE STATEMENT | |
| Title | Handbook Of Research On Mobile Multimedia |
| 260 ## - PUBLICATION, DISTRIBUTION, ETC. (IMPRINT) | |
| Date of publication, distribution, etc. | 2006 |
| Name of publisher, distributor, etc. | Idea Group Reference |
| 300 ## - PHYSICAL DESCRIPTION | |
| Extent | 586 |
| Accompanying material [OBSOLETE, CAN/MARC] | Ref 1556 E (46366) |
| 365 ## - TRADE PRICE | |
| Currency code | Rs. |
| Price amount | 12870.00 |
| 700 ## - ADDED ENTRY--PERSONAL NAME | |
| Personal name | Ibrahim I.K. |
| 9 (RLIN) | 195564 |
| 906 ## - LOCAL DATA ELEMENT F, LDF (RLIN) | |
| d | O:0371504-Feb-2014B:IN 200613-Dec-2013 |
| c | ETC |
| b | 2574 |
| Withdrawn status | Lost status | Source of classification or shelving scheme | Reference No | Damaged status | Not for loan | Home library | Current library | Date acquired | Vendor | Budget Code | Cost, normal purchase price | Bill number | Full call number | Barcode | Date last seen | Discount | Cost, replacement price | Bill Date | Koha item type | Original Barcode |
|---|---|---|---|---|---|---|---|---|---|---|---|---|---|---|---|---|---|---|---|---|
| Dewey Decimal Classification | Ref 1556 E (46366) | Reference | Cummins College of Engineering for Women Pune | Cummins College of Engineering for Women Pune | 04/02/2014 | Pradeep Book Distributors | ETC | 10296.00 | IN 2006 | 006.7'2 | CCEP-BK-46366 | 18/07/2023 | 2574 | 12870.00 | 13/12/2013 | Books | 046366 |